00339nam a2200121Ia 4500008004100000020002200041041000800063082002700071100002100098245005200119260003700171300000900208230411s9999 xx 000 0 und d a978-93-5025-163-8 aeng aOG/610.7367/BAS/B06809 aBasavanthappa BT aEssentials of Midwifery and Obstetrical Nursing bJaypee BrothersaBangalorec2011 a660p